Advanced inorganic chemistry (Record no. 2836)

000 -LEADER
fixed length control field 00571nam a2200241u 4500
001 - CONTROL NUMBER
control field 2836
003 - CONTROL NUMBER IDENTIFIER
control field BD-DhUET
008 - FIXED-LENGTH DATA ELEMENTS--GENERAL INFORMATION
fixed length control field 890901s1965 ii 000 0 eng
020 ## - INTERNATIONAL STANDARD BOOK NUMBER
International Standard Book Number 8121902630
040 ## - CATALOGING SOURCE
Original cataloging agency DLC
Transcribing agency DLC
Modifying agency BD-DhUET
082 ## - DEWEY DECIMAL CLASSIFICATION NUMBER
Classification number 546
Item number PRA/2000
100 ## - MAIN ENTRY--PERSONAL NAME
Personal name Prakash, Satya
245 00 - TITLE STATEMENT
Title Advanced inorganic chemistry
250 ## - EDITION STATEMENT
Edition statement 1st ed.
260 ## - PUBLICATION, DISTRIBUTION, ETC. (IMPRINT)
Place of publication, distribution, etc. New York
Name of publisher, distributor, etc. S. Chand
Date of publication, distribution, etc. 2000
300 ## - PHYSICAL DESCRIPTION
Extent xvi, 1157p.
Other physical details ill.
500 ## - GENERAL NOTE
General note Vol. I
650 #0 - SUBJECT ADDED ENTRY--TOPICAL TERM
Topical term or geographic name as entry element Chemistry
700 ## - ADDED ENTRY--PERSONAL NAME
Personal name Tuli, G. D.
700 ## - ADDED ENTRY--PERSONAL NAME
Personal name Basu, S. K.
700 ## - ADDED ENTRY--PERSONAL NAME
Personal name Madan, R. D.
942 ## - ADDED ENTRY ELEMENTS (KOHA)
Koha item type General Book
Holdings
Koha issues (times borrowed) Location (home branch) Koha item type Koha full call number Koha renewals Koha normalized classification for sorting Not for loan Price effective from Sublocation or collection (holding branch) Copy number Lost status Date acquired Shelving location Withdrawn status Piece designation (barcode) Koha date last borrowed Koha date last seen Source of classification or shelving scheme Damaged status
5Central Library, BUETGeneral Book546/PRA/20002546_000000000000000_PRA_2000 2014-10-12Central Library, BUET1 2014-10-12Circulation section 964352024-04-272024-05-26  
12Central Library, BUETGeneral Book546/PRA/20001546PRA2000 2014-11-09Central Library, BUET2 2014-11-09Circulation section 964332020-02-232020-02-24  
 Central Library, BUETReading Item546/PRA/2000 546_000000000000000_PRA_2000 2015-06-16Central Library, BUET3 2015-06-16Reading section 96431 2015-06-16  
6Central Library, BUETGeneral Book546/PRA/2000 546_000000000000000_PRA_2000 2015-12-28Central Library, BUET4 2015-12-28Circulation section 964342019-08-242019-09-01